MDQL
is popping MORE tags! Check the
thread
!
Quizzes
Events
Quiz Creation
Community
Videos
Private Events
Remove Ads
Sign In
Join for FREE
Feedback
Dark Mode
Quiz Categories
Sports
Geography
Music
Movies
Television
Just For Fun
Miscellaneous
History
Literature
Language
Science
Gaming
Entertainment
Religion
Holiday
For Kids
Quiz Lab
Recent
Popular Today
Quiz Kudos Today
Editor Picks
Curator Picks
Quizzes by...
Day
Popularity
Type
Ratings
Length
Year
Community
Subscriptions
Recent Discussions
Orange Saloon
Badges
Playlists
Quests
Create
Leaderboards
Showdown
Live 5
Trivia Bingo
Activity
Puzzle Library
Sporcle Events
Private Events
Virtual Trivia
Globe League
Become a Host
Pub Owners
SporcleCon
Opinionation
Our Games
Videos
Blog
Mobile Apps
Partnerships
Remove Ads and Go Orange
Feedback
Gaming
Video Games
Board Games
Card Games
Pokémon
Mario
Nintendo
Minecraft
Console
Toys
Legend of Zelda
Gaming
Video Games
Board Games
Card Games
Pokémon
Mario
Nintendo
Minecraft
Console
Toys
Legend of Zelda
Random Quiz
Search Sporcle
×
Quiz Lab
Quiz Lab
Gaming
Console
Type in answers that appear in a list
Type in answers that appear in a list
Classic
Best Score? Go Orange.
Dragon age Inquisition Recap: Post Trespasser Stats
Can you remember some of the events in Dragon Age Inquisition that may or may not be in the next game?
By
Ellarianora
10m
32 Questions
222 Plays
222 Plays
222 Plays
Comments
Comments
Give Quiz Kudos
Give Quiz Kudos
-
- Ratings
hide this ad
Forced Order
Answers have to be entered in order
Answers have to be entered in order
Replay
Link that replays current quiz
Next Quiz
Link to next quiz in quiz playlist
You Got
0%
They Got
Avg Score
80%
Avg Friend Score
Upgrade to see
Score Distribution
Jump to the score distribution portion of the page
Score
0/32
Timer
10:00
0
Plays Today
Hint
Answer
% Correct
The witch your inquisitor meets during 'Wicked Eyes and Wicked Hearts':
Morrigan
95%
Who betrays you in the Trespasser DLC if you didn't save his mercenary group?
The Iron Bull
92.3%
Which party member leaves for Tevinter to take his fathers place post-
Tresspasser?
Dorian Pavus
92.3%
Who was Solas revealed to be?
The Dread Wolf
91%
Who is a possible candidate for the next Divine?
Cassandra, Leliana or Vivienne
90.5%
Advisors:
Cullen
90.1%
Party Members:
Cassandra
89.6%
The name of the magical mirrors elves used to travel:
Eluvians
89.6%
Who was Thom Rainier?
Blackwall
89.6%
Josephine
89.2%
Leliana
89.2%
Cole
88.3%
Who did 'the Orb' belong to?
Fen'Harel
87.8%
Inquisitors surname dependent on race:
Lavellan
85.6%
Who created the veil to stop the Evanuris?
Fen'Harel
85.1%
Dorian
84.2%
Hint
Answer
% Correct
What is the name of the spirit you encounter during 'Champions of the Just' or 'In your Heart Shall Burn'?
Cole
84.2%
Sera
83.8%
Solas
83.3%
Vivienne
82.9%
Varric
81.5%
Trevelyan
81.1%
The Iron Bull
81.1%
Blackwall
79.7%
What is the name of the fortress that Solas leads you to?
Skyhold
79.7%
What is Cole a spirit of?
Spirit of Compassion
75.2%
Who was Flemeth/
Asha'bellanar revealed to be possessed by?
Mythal
74.3%
Cadash
68.9%
Adaar
68%
The name of the Sentinel Elf guarding the Temple of Mythal?
Abelas
66.2%
The type of dragon the Archdemon was you face:
Red Lyrium Dragon
32.4%
What is the name of the next Dragon Age?
The Dread Wolf Rises
25.2%
Quiz Playlist
Details
Report
Send in Message
Add To Playlist
Classic:
Type in answers that appear in a list
Forced Order:
Answers have to be entered in order
Last Updated: Aug 28, 2019
Quiz Scoreboard
CHALLENGE
Sign Up to Join the Scoreboard
Show All
Scores
Hide
Comments
May contain spoilers
Recently Published
Image Sorting: Flags VI
by Barbecue
Geography
2m
Find the 'City' Movie
by crazypaving
Movies
60s
Colored Red Africa Blitz
by spor1
Geography
45s
More to Explore
Quiz From the Vault
Featured Blog Post
14 Easter Pick-up Lines to Find Eggs With
hide this ad
You Might Also Like...
Tags
Console Quiz
Video Games Quiz
Dragon Age
Game Winners
Playstation
Playstation 4
Xbox
Xbox Live
Xbox One
Today's Top Quizzes in Gaming
Browse Gaming
hide this ad
Today's Top Quizzes in Console
Browse Console
Top Contributed Quizzes in Gaming
1
League of Legends Pro Players by Career/Team History
2
Destiny 2 exotic weapons by perk icons
3
Genshin Impact Logic Puzzle
4
Genshin murder mystery
5
Dead By Daylight Logic Puzzle
6
4x4 Decades: Video Games
7
Ultimate Genshin Impact Logic Puzzle (up to 4.3)
8
Overwatch Logic Puzzle
9
Who's on the WWE 2K24 Cover?
10
Overwatch 2: Ultimate Ability Icons
Explore More
Trending Topics
Harry Potter
Anime
Disney
NBA
Kpop
Marvel
Crossword
The Office
Soccer
Song
Puzzle
Pokémon
Country
NFL
WWE
hide this ad
More By:
Ellarianora
Quiz
Plays
Rating
Category
Featured
Created
BTS MV from the GIF of Taehyung!
7,706
4.64
Music
Jul 7, 2018
Sex Education - Who said it?
3,908
4.00
Television
Jan 29, 2020
Skyrim: Who said it?
2,784
5.00
Gaming
Jan 28, 2020
NCT MV from the GIF of Taeil!
1,884
4.22
Music
Jul 7, 2018
Name the creatures from Ark: Survival Evolved?
1,013
5.00
Gaming
Jul 3, 2018
Go to Creator's Profile
Score Distribution
Quiz Creator Spotlight
Ellarianora
Follow
Send a Message
Quizzes Created
-
Created Quiz Play Count
-
More By This Creator
Popular Quizzes Today
1
Colored Red Africa Blitz
2
Find the US States - No Outlines Minefield
3
Find the 'City' Movie
4
5x2 Blitz: Bands
5
The Countries of the World
6
Find the Countries of Europe - No Outlines Minefield
7
Find the US States
8
US States
More Gaming Quizzes
Gen. 8 Pokemon
Quiz Lab
Trending Quizzes
Colored Red Europe Blitz I
Colored Red Europe Blitz II
Colored Red Africa Blitz II
Colored Red Europe Blitz III
Colored Red Africa Blitz III
Recently Updated
How Do You Spell That?
pecheneg
Godzilla Movies
pecheneg
Grab Bag: 4-10 Letters
pecheneg
2024 March Madness Bracket
pecheneg
Famous TV Couples
Peacemaker
Champions League XIs: Real Madrid
pecheneg
Largest US Cities 1790-2010
pecheneg
Rides in Walt Disney World
pecheneg
Most Oscar Losses (Acting)
pecheneg
Beyoncé Albums
pecheneg
Trending Topics
Harry Potter
Crossword
Kpop
Disney
Anime
Marvel
NBA
Soccer
NFL
Puzzle
Pokémon
The Office
Song
Country
WWE
Your Account Isn't Verified!
In order to create a playlist on Sporcle, you need to verify the email address you used during registration. Go to your
Sporcle Settings
to finish the process.
Report this User
Report this user for behavior that violates our
Community Guidelines
.
Details:
Send Report
Go to the Sporcle.com Mobile Site →
Comments